000 00278nam a22001337a 4500
020 _a978-8190906517
041 _aENG
100 _aGray.H .E
245 _aFarm Service Building
260 _aDelhi
_bAVI
_c1955
300 _a458
650 _aAPE ( 02 )
856 _uAPE ( 02 )
999 _c2869
_d2869